[Event "TCh-ESP Div 1 2016"]
[Site "Linares ESP"]
[Date "2016.08.22"]
[Round "3"]
[Board "2"]
[White "Guerra Bastida, Diego"]
[Black "Mchedlishvili, Mikheil"]
[Result "0-1"]
[WhiteTitle "IM"]
[BlackTitle "GM"]
[WhiteElo "2322"]
[BlackElo "2609"]
[WhiteTeam "UNIVERSIDAD DE VIGO"]
[BlackTeam "CAC BENIAJAN - DUOCHESS"]
[WhiteFideId "2201089"]
[BlackFideId "13600966"]
[EventDate "2016.08.20"]

1. e4 c5 2. Nf3 Nc6 3. Bb5 g6 4. O-O Bg7 5. Re1 Nf6 6. e5 Nd5 7. Nc3 Nc7 8. Bxc6
dxc6 9. Ne4 b6 10. d3 O-O 11. h3 Ne6 12. a3 f5 13. Neg5 h6 14. Nxe6 Bxe6 15. Qe2
a5 16. a4 Qe8 17. h4 f4 18. b3 Rf5 19. Bb2 Rh5 20. d4 g5 21. dxc5 bxc5 22. hxg5
hxg5 23. Qe4 g4 24. Nh2 f3 25. c4 Bf5 26. Qf4 fxg2 27. Qg3 Rh3 28. Qxg2 Rxb3 29.
Bc1 Qg6 30. Bf4 Rd8 31. Nf1 Rd4 32. Be3 Rdd3 33. Bxc5 g3 34. f4 Bh6 35. Be3 Kh7
36. Rad1 Be4 37. f5 Qxf5 38. Nxg3 Rxd1 39. Nf1 Rdd3 40. Qg3 Bf8 0-1

[Event "TCh-ESP Div 1 2016"]
[Site "Linares ESP"]
[Date "2016.08.22"]
[Round "3"]
[Board "3"]
[White "Ibarra Jerez, Jose Carlos"]
[Black "Rodriguez Lopez, Rafael"]
[Result "1-0"]
[WhiteTitle "GM"]
[BlackTitle "IM"]
[WhiteElo "2563"]
[BlackElo "2270"]
[WhiteTeam "CAC BENIAJAN - DUOCHESS"]
[BlackTeam "UNIVERSIDAD DE VIGO"]
[WhiteFideId "2226332"]
[BlackFideId "2204495"]
[EventDate "2016.08.20"]

1. e4 c5 2. Nf3 e6 3. d4 cxd4 4. Nxd4 a6 5. c4 Nf6 6. Nc3 Qc7 7. a3 b6 8. Be3
Bb7 9. f3 d6 10. Be2 Be7 11. Rc1 O-O 12. b4 Nbd7 13. O-O Rfc8 14. Nb3 Rab8 15.
Qd2 Qd8 16. Rfd1 Ne5 17. Na4 Bc6 18. Nb2 h6 19. Qe1 Qf8 20. Qf2 Bd8 21. Bd4 Bc7
22. Qe3 Ned7 23. Rc2 a5 24. Qc1 axb4 25. axb4 Bd8 26. Bf2 Ne5 27. Nd4 Be8 28.
Qe3 Nc6 29. Qb3 Nxd4 30. Bxd4 Bc6 31. Nd3 Nd7 32. Ra2 Bf6 33. Be3 b5 34. c5 d5
35. Nf2 dxe4 36. Nxe4 Bd5 37. Rxd5 exd5 38. Qxd5 Qd8 39. Rd2 Ne5 40. Nd6 Rc7 41.
Bxb5 Qe7 42. Qe4 Ng4 43. fxg4 Qxe4 44. Nxe4 Rxb5 45. Nxf6+ gxf6 46. Rd4 Kg7 47.
Kf2 Ra7 48. Bd2 Ra3 49. Rc4 Ra2 50. Ke3 Rb8 51. Bc3 Rxg2 52. c6 Rxh2 53. c7 Re8+
54. Kd3 Rh3+ 55. Kc2 Rh4 56. b5 h5 57. b6 1-0

[Event "TCh-ESP Div 1 2016"]
[Site "Linares ESP"]
[Date "2016.08.22"]
[Round "3"]
[Board "4"]
[White "Padeiro, Jose"]
[Black "Pardo Simon, David"]
[Result "1-0"]
[WhiteTitle "FM"]
[BlackTitle "IM"]
[WhiteElo "2285"]
[BlackElo "2492"]
[WhiteTeam "UNIVERSIDAD DE VIGO"]
[BlackTeam "CAC BENIAJAN - DUOCHESS"]
[WhiteFideId "1901311"]
[BlackFideId "2296276"]
[EventDate "2016.08.20"]

1. d4 d6 2. Nf3 g6 3. g3 Bg7 4. Bg2 Nd7 5. c4 e5 6. Nc3 Ne7 7. O-O O-O 8. dxe5
dxe5 9. Qb3 Nf5 10. Rd1 c6 11. Ne4 Qe7 12. Bg5 f6 13. Bd2 a5 14. e3 Nc5 15. Qc2
Nxe4 16. Qxe4 Nd6 17. Qc2 Bf5 18. Qc1 c5 19. b3 e4 20. Ne1 Bg4 21. f3 exf3 22.
Bxf3 Bxf3 23. Nxf3 Ne4 24. Be1 a4 25. Rd3 f5 26. Rb1 axb3 27. Rdxb3 Nd6 28. Qd1
Rxa2 29. Qd5+ Kh8 30. Qxc5 Rc8 31. Qd5 Rxc4 32. Rd1 Rc6 33. Bb4 Raa6 34. Nd4
Bxd4 35. Qxd4+ Qg7 36. Qd3 Ne4 37. Qd8+ Qg8 38. Qd4+ Qg7 39. Qd8+ Qg8 40. Qe7
Re6 41. Qxb7 h5 42. Ba3 Nf6 43. Bb2 Qf8 44. Rd7 Kg8 45. Rc7 Rad6 46. Bd4 Rd8 47.
Rb6 Rxb6 48. Qxb6 Rd6 49. Qb7 Qe8 50. Rg7+ Kf8 51. Bc5 Ne4 52. Rh7 1-0

[Event "TCh-ESP Div 1 2016"]
[Site "Linares ESP"]
[Date "2016.08.22"]
[Round "3"]
[Board "2"]
[White "Fernandez Romero, Ernesto"]
[Black "Oliva Castaneda, Kevel"]
[Result "1/2-1/2"]
[WhiteTitle "IM"]
[BlackTitle "IM"]
[WhiteElo "2477"]
[BlackElo "2491"]
[WhiteTeam "OROMANA SCHNEIDER ELECTRIC"]
[BlackTeam "C.A. SILLA"]
[WhiteFideId "2214679"]
[BlackFideId "3500799"]
[EventDate "2016.08.20"]

1. e4 c5 2. Nf3 e6 3. d4 cxd4 4. Nxd4 Nc6 5. Nc3 Qc7 6. g3 a6 7. Bg2 d6 8. Nxc6
bxc6 9. O-O Bb7 10. b3 Be7 11. Na4 Bf6 12. Bb2 Bxb2 13. Nxb2 Ne7 14. Qd2 O-O 15.
Nc4 Rad8 16. Qa5 Qb8 17. e5 d5 18. Nd6 Nc8 19. Nxc8 Rxc8 20. Rfe1 c5 1/2-1/2

[Event "TCh-ESP Div 1 2016"]
[Site "Linares ESP"]
[Date "2016.08.22"]
[Round "3"]
[Board "3"]
[White "Granero Roca, Antonio"]
[Black "Teran Alvarez, Ismael"]
[Result "1/2-1/2"]
[WhiteTitle "IM"]
[BlackTitle "IM"]
[WhiteElo "2417"]
[BlackElo "2413"]
[WhiteTeam "C.A. SILLA"]
[BlackTeam "OROMANA SCHNEIDER ELECTRIC"]
[WhiteFideId "2210509"]
[BlackFideId "2204177"]
[EventDate "2016.08.20"]

1. d4 Nf6 2. c4 e6 3. Nf3 d5 4. g3 dxc4 5. Bg2 Nc6 6. O-O Rb8 7. Bg5 Be7 8. a4
h6 9. Bxf6 Bxf6 10. e3 Na5 11. Qc2 c5 12. Na3 Qc7 13. Rac1 cxd4 14. Nxd4 Bxd4
15. exd4 O-O 16. b4 Qe7 17. Rb1 Bd7 18. Qc3 Nc6 19. Nxc4 Rfc8 20. b5 Nd8 21. Qb3
Be8 22. Rbc1 Rc7 23. Ne3 Rbc8 24. Rxc7 Qxc7 25. d5 Qc3 26. Qd1 Bd7 27. Qg4 Qc7
28. Qe4 a6 29. bxa6 bxa6 30. Rd1 Qa5 31. h4 Qxa4 32. Qe5 Qa5 33. Qd6 Bb5 34. Bh3
Qc7 35. Qb4 Qc5 36. Qf4 Bd7 37. Kh2 a5 38. Rd4 Qe7 39. Rd2 Qb4 40. Rd4 Qe7 41.
Rd2 Qb4 42. Rd4 Qe7 1/2-1/2

[Event "TCh-ESP Div 1 2016"]
[Site "Linares ESP"]
[Date "2016.08.22"]
[Round "3"]
[Board "4"]
[White "Manzano Orta, Jose Maria"]
[Black "Garcia Trobat, Francisco"]
[Result "1-0"]
[BlackTitle "FM"]
[WhiteElo "2248"]
[BlackElo "2238"]
[WhiteTeam "OROMANA SCHNEIDER ELECTRIC"]
[BlackTeam "C.A. SILLA"]
[WhiteFideId "2250748"]
[BlackFideId "2200678"]
[EventDate "2016.08.20"]

1. Nf3 Nf6 2. g3 g6 3. Bg2 Bg7 4. c4 d6 5. O-O O-O 6. Nc3 Nc6 7. d3 e5 8. Bg5 h6
9. Bxf6 Qxf6 10. Rb1 Qd8 11. Nd2 Nd4 12. b4 Rb8 13. b5 Bg4 14. h3 Bd7 15. Nb3
Ne6 16. Kh2 c6 17. a4 h5 18. a5 cxb5 19. cxb5 Nd4 20. Nxd4 exd4 21. Ne4 h4 22.
Nxd6 Bxh3 23. Nxf7 Rxf7 24. Bxh3 Qd6 25. Qb3 Re8 26. Qa2 Re5 27. e4 dxe3 28.
fxe3 Rd5 29. Rf4 hxg3+ 30. Kg2 Rxf4 31. exf4 Kh7 32. Bg4 Bc3 33. Qc4 Bd4 34. Bf3
Rf5 35. Rh1+ Kg7 36. Qc8 Rf8 37. Qxb7+ Rf7 38. Rh7+ Kxh7 39. Qxf7+ Kh6 40. Be4
Bc3 41. b6 Bxa5 42. bxa7 Qb6 43. Qxg6+ 1-0

[Event "TCh-ESP Div 1 2016"]
[Site "Linares ESP"]
[Date "2016.08.22"]
[Round "3"]
[Board "1"]
[White "Rakhmanov, Aleksandr"]
[Black "Alsina Leal, Daniel"]
[Result "1-0"]
[WhiteTitle "GM"]
[BlackTitle "GM"]
[WhiteElo "2641"]
[BlackElo "2521"]
[WhiteTeam "ESCOLA D'ESCACS DE BARCELONA"]
[BlackTeam "CLUB D'ESCACS BARBERA"]
[WhiteFideId "4173708"]
[BlackFideId "2252627"]
[EventDate "2016.08.20"]

1. c4 e5 2. Nf3 e4 3. Nd4 Nc6 4. Nxc6 dxc6 5. e3 Nf6 6. h3 h5 7. Qb3 h4 8. Nc3
b6 9. Qc2 Bf5 10. b3 Qd7 11. Bb2 Be7 12. Be2 Rh6 13. O-O-O O-O-O 14. Kb1 g5 15.
Bf1 c5 16. Ne2 Ng8 17. Nc3 Nf6 18. Ne2 Ng8 19. Kc1 c6 20. g4 Bh7 21. Nc3 Re6 22.
f3 Nf6 23. f4 gxf4 24. exf4 e3 25. d3 Bd6 26. Ne2 Ne4 27. f5 Nf2 28. fxe6 Qxe6
29. Bg2 Bc7 30. Qc3 Bxd3 31. Bf3 Be4 32. Qxe3 Bxf3 33. Qxf3 Nxh1 34. Rxh1 Be5
35. Bxe5 Qxe5 36. Qf5+ Qxf5 37. gxf5 Rd3 38. Nf4 Rf3 39. Ng2 Rxf5 40. Nxh4 Rf2
41. a4 Kd7 42. Rd1+ Ke6 43. Rd3 Ke5 44. Rf3 Rh2 45. Rxf7 Rxh3 46. Nf3+ Kd6 47.
Kd2 a6 48. Ke3 b5 49. Ra7 bxa4 50. bxa4 Rh1 51. Rxa6 Rc1 52. Kd3 Ra1 53. Nd2
Ra3+ 54. Kc2 Re3 55. Nb3 Re2+ 56. Kd3 Ra2 57. Kc3 Rh2 58. Na5 Rh3+ 59. Kd2 Rh2+
60. Ke3 Rh3+ 61. Kf4 Ra3 62. Rxc6+ Kd7 63. Rxc5 Rxa4 64. Nb3 Kd6 65. Ke4 Rb4 66.
Rd5+ Kc7 67. Nd2 1-0

[Event "TCh-ESP Div 1 2016"]
[Site "Linares ESP"]
[Date "2016.08.22"]
[Round "3"]
[Board "2"]
[White "Alonso Moyano, Jonathan"]
[Black "Peralta, Fernando"]
[Result "1-0"]
[WhiteTitle "IM"]
[BlackTitle "GM"]
[WhiteElo "2406"]
[BlackElo "2587"]
[WhiteTeam "CLUB D'ESCACS BARBERA"]
[BlackTeam "ESCOLA D'ESCACS DE BARCELONA"]
[WhiteFideId "2216019"]
[BlackFideId "105309"]
[EventDate "2016.08.20"]

1. e4 e6 2. d4 d5 3. e5 c5 4. c3 Qb6 5. Nf3 Nc6 6. a3 c4 7. Nbd2 Na5 8. h4 Bd7
9. g3 Ne7 10. h5 h6 11. Nh2 O-O-O 12. Bh3 Kb8 13. O-O Qc7 14. Qf3 Be8 15. Ng4
Nc8 16. Ne3 Nb6 17. Qe2 Bd7 18. f4 g6 19. Ng4 Be7 20. Kh2 Rdf8 21. Rb1 gxh5 22.
Nf6 Bxf6 23. exf6 h4 24. g4 Ba4 25. Nf3 Nd7 26. Ne5 Nc6 27. Nxd7+ Qxd7 28. f5
Re8 29. fxe6 Qxe6 30. Qxe6 Rxe6 31. Rf2 Nd8 32. Bg2 Bc6 33. b3 cxb3 34. c4 Ree8
35. cxd5 Ba4 36. Bf4+ Ka8 37. Rc1 a6 38. Rc8+ Ka7 39. Bd6 h3 40. Bf3 Re3 41. Bh1
Re1 42. Bb8+ Kb6 43. Bc7+ Ka7 44. Rxd8 Rxd8 45. Bxd8 Ra1 46. Be4 Ra2 47. Kg3 Bd7
48. Ba5 Bxg4 49. Rxa2 bxa2 50. Bc3 Bd7 51. d6 Bc8 1-0

[Event "TCh-ESP Div 1 2016"]
[Site "Linares ESP"]
[Date "2016.08.22"]
[Round "3"]
[Board "3"]
[White "Narciso Dublan, Marc"]
[Black "Martinez Ramirez, Erik"]
[Result "1-0"]
[WhiteTitle "GM"]
[BlackTitle "FM"]
[WhiteElo "2482"]
[BlackElo "2285"]
[WhiteTeam "ESCOLA D'ESCACS DE BARCELONA"]
[BlackTeam "CLUB D'ESCACS BARBERA"]
[WhiteFideId "2201500"]
[BlackFideId "22202366"]
[EventDate "2016.08.20"]

1. d4 Nf6 2. c4 g6 3. Nc3 d5 4. Nf3 Bg7 5. Qb3 dxc4 6. Qxc4 O-O 7. e4 Nc6 8. Be2
Nd7 9. Be3 Nb6 10. Qc5 Bg4 11. O-O-O Qc8 12. e5 f6 13. exf6 exf6 14. h3 Bd7 15.
d5 Nd8 16. Nd4 c6 17. d6 Ne6 18. Qa3 Nxd4 19. Bxd4 Be6 20. h4 Qd7 21. h5 Qf7 22.
hxg6 hxg6 23. Rh4 Rfd8 24. Rdh1 Nd7 25. f4 b5 26. Ne4 c5 27. Bf2 b4 28. Qg3 Bc4
29. Qh3 Qd5 30. Bf3 Qe6 31. f5 Qxf5 32. Qxf5 gxf5 33. Ng3 Bxa2 34. Nxf5 Be6 35.
Nxg7 Kxg7 36. Rh7+ Kg6 37. Be4+ f5 38. R1h6+ 1-0

[Event "TCh-ESP Div 1 2016"]
[Site "Linares ESP"]
[Date "2016.08.22"]
[Round "3"]
[Board "4"]
[White "Martin Capitan, Feliciano"]
[Black "Matnadze, Ana"]
[Result "0-1"]
[BlackTitle "IM"]
[WhiteElo "2116"]
[BlackElo "2355"]
[WhiteTeam "CLUB D'ESCACS BARBERA"]
[BlackTeam "ESCOLA D'ESCACS DE BARCELONA"]
[WhiteFideId "2223562"]
[BlackFideId "13601377"]
[EventDate "2016.08.20"]

1. e4 c5 2. c4 Nc6 3. Nc3 g6 4. g3 Bg7 5. Bg2 d6 6. Nge2 Nf6 7. d3 O-O 8. O-O
Ne8 9. Be3 Nd4 10. Qd2 Nc7 11. Bh6 Rb8 12. Bxg7 Kxg7 13. Nxd4 cxd4 14. Ne2 e5
15. f4 b5 16. f5 f6 17. g4 bxc4 18. dxc4 Na6 19. b3 Nc5 20. Ng3 g5 21. h4 gxh4
22. Nh5+ Kh8 23. Kh2 Bb7 24. Rae1 Rg8 25. Kh3 Rg5 26. Kxh4 Qf8 27. Rf2 Qh6 28.
Bf3 Rbg8 29. Rg2 Bxe4 30. Rxe4 Nxe4 31. Qa5 Rxh5+ 0-1

[Event "TCh-ESP Div 1 2016"]
[Site "Linares ESP"]
[Date "2016.08.23"]
[Round "4"]
[Board "1"]
[White "Granda Zuniga, Julio E"]
[Black "Alsina Leal, Daniel"]
[Result "1/2-1/2"]
[WhiteTitle "GM"]
[BlackTitle "GM"]
[WhiteElo "2672"]
[BlackElo "2521"]
[WhiteTeam "AJEDREZ COLLADO VILLALBA"]
[BlackTeam "CLUB D'ESCACS BARBERA"]
[WhiteFideId "3800024"]
[BlackFideId "2252627"]
[EventDate "2016.08.20"]

1. b3 d5 2. Bb2 Bf5 3. Nf3 e6 4. e3 h6 5. d4 Nf6 6. Bd3 Bxd3 7. Qxd3 Nbd7 8. O-O
Be7 9. c4 c6 10. Nbd2 O-O 11. a3 a5 12. Rfc1 Re8 13. Rc2 Bf8 14. Rd1 Qb6 15. Nf1
Ne4 16. Ng3 Ndf6 17. Ne5 Rad8 18. c5 Qc7 19. Nxe4 dxe4 20. Qe2 Rd5 21. Bc3 b5
22. cxb6 Qxb6 23. Rb1 Ra8 24. a4 c5 25. Nc4 Qd8 26. dxc5 Bxc5 27. Rd2 Bb4 28.
Bxb4 axb4 29. Rbd1 Qc7 30. h3 Qc6 31. Rd4 Rad8 32. Qe1 Qc5 33. a5 Qb5 34. Ra1
Rxd4 35. exd4 Ra8 36. Ra4 Rb8 37. a6 Ra8 38. a7 Qb7 39. Qa1 Nd5 40. Nd6 Qc6 41.
Nxe4 Nf4 42. f3 Qc2 43. Qa2 Qd1+ 44. Kh2 Ne2 45. Qa1 Qxb3 46. Ng3 Nxd4 47. Ra6
Qc3 48. Ne4 Qxa1 49. Rxa1 b3 50. Nd6 b2 51. Rb1 Rxa7 52. Rxb2 Rd7 53. Rb6 Kf8
54. f4 Ke7 55. Nc4 Rc7 56. Rb4 Nc6 57. Rb6 f6 58. Kg3 g5 59. Ne3 Nd4 60. fxg5
hxg5 61. Rb4 Rd7 62. h4 Nc6 63. Re4 gxh4+ 64. Rxh4 Rd3 65. Kf2 f5 66. Nc4 Rd4
67. Rxd4 Nxd4 68. Ke3 Nc6 69. g4 fxg4 70. Kf4 Kf6 71. Nd2 e5+ 72. Kxg4 Ke6 1/2-1/2

[Event "TCh-ESP Div 1 2016"]
[Site "Linares ESP"]
[Date "2016.08.23"]
[Round "4"]
[Board "2"]
[White "Alonso Moyano, Jonathan"]
[Black "Vazquez Igarza, Renier"]
[Result "1/2-1/2"]
[WhiteTitle "IM"]
[BlackTitle "GM"]
[WhiteElo "2406"]
[BlackElo "2589"]
[WhiteTeam "CLUB D'ESCACS BARBERA"]
[BlackTeam "AJEDREZ COLLADO VILLALBA"]
[WhiteFideId "2216019"]
[BlackFideId "3503054"]
[EventDate "2016.08.20"]

1. e4 c5 2. Nf3 e6 3. b3 b6 4. Bb2 Bb7 5. d3 Nf6 6. g3 d5 7. e5 Nfd7 8. Bg2 Nc6
9. Qe2 Be7 10. h4 Qc7 11. O-O b5 12. Nbd2 h6 13. Rfe1 a5 14. d4 b4 15. Qe3 a4
16. Rab1 O-O 17. c4 bxc3 18. Bxc3 axb3 19. axb3 Qb6 20. Bf1 Ba6 21. Ra1 Bxf1 22.
Rxf1 cxd4 23. Bxd4 Qb5 24. Kg2 Rfc8 25. Rxa8 Rxa8 26. Ra1 Rxa1 27. Bxa1 Bc5 28.
Bd4 Qb4 29. Bxc5 Nxc5 30. h5 d4 31. Qf4 Nd3 32. Qe4 Ndxe5 33. Nxe5 Nxe5 34. Qxe5
Qxd2 35. Qb8+ Kh7 36. Qb7 Qc2 37. Qxf7 Qxb3 38. Qg6+ Kh8 39. Qe8+ Kh7 1/2-1/2

[Event "TCh-ESP Div 1 2016"]
[Site "Linares ESP"]
[Date "2016.08.23"]
[Round "4"]
[Board "3"]
[White "Moreno Ruiz, Javier"]
[Black "Martinez Ramirez, Erik"]
[Result "1-0"]
[WhiteTitle "IM"]
[BlackTitle "FM"]
[WhiteElo "2438"]
[BlackElo "2285"]
[WhiteTeam "AJEDREZ COLLADO VILLALBA"]
[BlackTeam "CLUB D'ESCACS BARBERA"]
[WhiteFideId "2203146"]
[BlackFideId "22202366"]
[EventDate "2016.08.20"]

1. d4 Nf6 2. Bg5 Ne4 3. Bf4 c5 4. f3 Qa5+ 5. c3 Nf6 6. d5 Qb6 7. Bc1 e6 8. e4
exd5 9. exd5 Qd6 10. c4 b5 11. Nc3 Qe5+ 12. Nge2 bxc4 13. Bf4 Qf5 14. g4 Qd3 15.
Ng3 Qd4 16. Qe2+ Kd8 17. Bc7+ Kxc7 18. Nb5+ Kd8 19. Nxd4 cxd4 20. Qxc4 Bb7 21.
Qb5 Bxd5 22. g5 Bxf3 23. gxf6 Nc6 24. fxg7 1-0

[Event "TCh-ESP Div 1 2016"]
[Site "Linares ESP"]
[Date "2016.08.23"]
[Round "4"]
[Board "4"]
[White "Martin Capitan, Feliciano"]
[Black "Cao Armillas, Jesus"]
[Result "0-1"]
[WhiteElo "2116"]
[BlackElo "2166"]
[WhiteTeam "CLUB D'ESCACS BARBERA"]
[BlackTeam "AJEDREZ COLLADO VILLALBA"]
[WhiteFideId "2223562"]
[BlackFideId "2212269"]
[EventDate "2016.08.20"]

1. e4 c5 2. c4 Nc6 3. Nc3 g6 4. g3 Bg7 5. Bg2 d6 6. Nge2 Nf6 7. d3 a6 8. O-O O-O
9. h3 Ne8 10. Be3 Rb8 11. Qd2 Nd4 12. Bh6 Bxh3 13. Nxd4 Bxg2 14. Kxg2 cxd4 15.
Bxg7 Nxg7 16. Nd5 e6 17. Nf4 Qg5 18. Rh1 f5 19. Rh4 e5 20. Qa5 exf4 21. Qd5+ Kh8
22. Rxf4 Qf6 23. exf5 Qe5 24. Rxd4 Qxf5 25. f4 Rbe8 26. Rf1 Qxd5+ 27. Rxd5 Nf5
28. Ra1 Ra8 0-1

[Event "TCh-ESP Div 1 2016"]
[Site "Linares ESP"]
[Date "2016.08.23"]
[Round "4"]
[Board "1"]
[White "Cordova, Emilio"]
[Black "Rakhmanov, Aleksandr"]
[Result "1/2-1/2"]
[WhiteTitle "GM"]
[BlackTitle "GM"]
[WhiteElo "2627"]
[BlackElo "2641"]
[WhiteTeam "OROMANA SCHNEIDER ELECTRIC"]
[BlackTeam "ESCOLA D'ESCACS DE BARCELONA"]
[WhiteFideId "3801497"]
[BlackFideId "4173708"]
[EventDate "2016.08.20"]

1. Nf3 Nf6 2. c4 g6 3. b3 Bg7 4. Bb2 O-O 5. g3 c6 6. Bg2 d5 7. O-O Bg4 8. d3 Re8
9. Nbd2 Nbd7 10. h3 Bxf3 11. Nxf3 Nh5 12. Bxg7 Nxg7 13. Nd2 e6 14. b4 a6 15. a4
Nf5 16. Nb3 Qb6 17. e4 Ne7 18. Qd2 Rad8 19. c5 Qc7 20. Qc3 e5 21. Rfc1 Nf8 22.
exd5 Nxd5 23. Qc4 Qd7 24. Re1 Qf5 25. Na5 Qd7 26. Ra2 Qc7 27. Rae2 Re6 28. h4 h5
29. Qb3 Ne7 30. Nc4 Nf5 31. Rxe5 Nd4 32. Qb2 Rxe5 33. Rxe5 Nf5 34. Bh3 Ne7 35.
Qe2 Nd5 36. Qe1 Nh7 37. Re8+ Rxe8 38. Qxe8+ Nf8 39. Qe1 Qd8 40. Nd6 b6 41. Bg2
bxc5 42. bxc5 Ne6 43. Bxd5 cxd5 44. Qb4 d4 45. Qb6 Qc7 46. Ne4 a5 47. Kf1 Kf8
48. Qb5 Ke7 49. c6 f5 50. Ng5 Nxg5 51. hxg5 Kd6 52. f4 Qxc6 53. Qe5+ Kd7 54.
Qxd4+ Kc8 55. Qc4 Kb7 56. Kf2 Qb6+ 57. Ke2 Qb2+ 58. Ke3 Qg2 59. Qb5+ Kc8 60.
Qa6+ Kd7 61. Qa7+ Ke6 62. Qb6+ Kd7 63. Qb5+ Kd6 64. Qe5+ Kd7 65. Qg7+ Kd8 66.
Qf8+ Kd7 67. Qf7+ Kd8 68. Qxg6 Qg1+ 69. Ke2 Qg2+ 70. Kd1 Qg1+ 71. Kc2 Qc5+ 72.
Kd1 1/2-1/2

[Event "TCh-ESP Div 1 2016"]
[Site "Linares ESP"]
[Date "2016.08.23"]
[Round "4"]
[Board "2"]
[White "Peralta, Fernando"]
[Black "Fernandez Romero, Ernesto"]
[Result "1-0"]
[WhiteTitle "GM"]
[BlackTitle "IM"]
[WhiteElo "2587"]
[BlackElo "2477"]
[WhiteTeam "ESCOLA D'ESCACS DE BARCELONA"]
[BlackTeam "OROMANA SCHNEIDER ELECTRIC"]
[WhiteFideId "105309"]
[BlackFideId "2214679"]
[EventDate "2016.08.20"]

1. d4 Nf6 2. c4 e6 3. Nc3 Bb4 4. e3 O-O 5. Bd3 d5 6. cxd5 exd5 7. Ne2 Re8 8. Bd2
c5 9. a3 Bxc3 10. Bxc3 c4 11. Bc2 Bg4 12. b3 cxb3 13. Bd3 Ne4 14. Qxb3 Bxe2 15.
Bxe2 Nc6 16. O-O Nxc3 17. Qxc3 Rc8 18. Bg4 Rc7 19. Rfc1 Qg5 20. Bh3 h5 21. Qd3
g6 22. Rc3 Rd8 23. Rac1 Rd6 24. Rc5 Kh7 25. g3 h4 26. Qd1 hxg3 27. hxg3 Re7 28.
Qg4 Qxg4 29. Bxg4 f5 30. Bd1 Kg7 31. Bb3 Red7 32. Ba4 Rc7 33. Bb3 Rcd7 34. Ba4
Rc7 35. Rb1 Kf6 36. Bxc6 bxc6 37. Rb8 Rdd7 38. Kg2 g5 39. g4 fxg4 40. Kg3 Rf7
41. Rg8 Kf5 42. Re8 Kg6 43. Re6+ Rf6 44. Rxf6+ Kxf6 45. Kxg4 Rc8 46. Rc1 Kg6 47.
a4 Kf6 48. a5 Kg6 49. a6 Kf6 50. Rh1 c5 51. dxc5 Rxc5 52. Rh6+ Ke5 53. Rh7 Ra5
54. Rxa7 Kf6 55. Ra8 Ra4+ 56. Kf3 Kg7 57. a7 Kh7 58. Ke2 Ra3 59. f3 Kg7 60. Kd2
Kh7 61. Kc2 Kg7 62. Kb2 Ra6 63. Kb3 Rb6+ 64. Kc3 Ra6 65. Kb4 Ra1 66. Kc5 Kh7 67.
Kxd5 Kg7 68. e4 Ra6 69. e5 Ra5+ 70. Ke4 1-0

[Event "TCh-ESP Div 1 2016"]
[Site "Linares ESP"]
[Date "2016.08.23"]
[Round "4"]
[Board "3"]
[White "Teran Alvarez, Ismael"]
[Black "Narciso Dublan, Marc"]
[Result "0-1"]
[WhiteTitle "IM"]
[BlackTitle "GM"]
[WhiteElo "2413"]
[BlackElo "2482"]
[WhiteTeam "OROMANA SCHNEIDER ELECTRIC"]
[BlackTeam "ESCOLA D'ESCACS DE BARCELONA"]
[WhiteFideId "2204177"]
[BlackFideId "2201500"]
[EventDate "2016.08.20"]

1. Nf3 d5 2. c4 c6 3. g3 Bg4 4. Bg2 e6 5. O-O Nd7 6. b3 Ngf6 7. Bb2 Bd6 8. d3
O-O 9. Nbd2 Re8 10. Qc2 e5 11. h3 Bh5 12. e4 dxe4 13. Nxe4 Nxe4 14. dxe4 Qc7 15.
Nh4 Nc5 16. b4 Ne6 17. c5 Bf8 18. Bf3 Bxf3 19. Nxf3 f6 20. Qc4 Rad8 21. Rfd1 Qf7
22. Kf1 Rd7 23. Rxd7 Qxd7 24. Qb3 Rd8 25. Ke2 b6 26. cxb6 axb6 27. a3 c5 28. b5
Qf7 29. Ke1 c4 30. Qxc4 Nc5 31. Qxf7+ Kxf7 32. Bc1 Nxe4 33. Be3 Bc5 34. Bxc5
Nxc5 35. Ke2 Ke6 36. Ne1 Nb3 37. Rb1 Nd4+ 38. Kf1 Ra8 39. Rb2 Rxa3 40. Nc2 Ra5
41. Ne3 Ra1+ 42. Kg2 Ra4 43. Rb1 f5 44. Rc1 f4 45. gxf4 exf4 46. Nc2 f3+ 47. Kh2
Ne2 48. Rb1 Kd5 49. Rb3 Rf4 50. Rd3+ Kc5 51. Rd7 Kxb5 52. Rxg7 Rh4 53. Ne1 Nd4
54. Rf7 Kc4 55. Kg3 Rh6 56. Nxf3 Nxf3 57. Rxf3 b5 58. Rf7 b4 59. f4 b3 60. Rb7
Kc3 61. Kg4 b2 62. Rc7+ Kd2 63. Rb7 Kc1 64. Rc7+ Kb1 65. f5 Rb6 66. Re7 Ka2 67.
Re2 Ka1 68. Re1+ b1=Q 69. Rxb1+ Kxb1 70. h4 Kc2 71. Kf4 Kd3 72. Ke5 Rh6 73. f6
Rh5+ 0-1

[Event "TCh-ESP Div 1 2016"]
[Site "Linares ESP"]
[Date "2016.08.23"]
[Round "4"]
[Board "4"]
[White "Matnadze, Ana"]
[Black "Barrero Garcia, Carlos"]
[Result "1-0"]
[WhiteTitle "IM"]
[BlackTitle "IM"]
[WhiteElo "2355"]
[BlackElo "2355"]
[WhiteTeam "ESCOLA D'ESCACS DE BARCELONA"]
[BlackTeam "OROMANA SCHNEIDER ELECTRIC"]
[WhiteFideId "13601377"]
[BlackFideId "2219522"]
[EventDate "2016.08.20"]

1. d4 Nf6 2. Nf3 g6 3. g3 c5 4. d5 Bg7 5. a4 d6 6. Bg2 e6 7. c4 exd5 8. cxd5 O-O
9. O-O Na6 10. Nfd2 Nc7 11. Nc3 b6 12. Nc4 Ba6 13. Na3 Re8 14. Re1 Ng4 15. h3
Ne5 16. Ncb5 Bxb5 17. axb5 a6 18. f4 Nd7 19. bxa6 Rxa6 20. e4 b5 21. Rb1 Qb8 22.
Nc2 b4 23. Ne3 Nb5 24. Qd3 Ra2 25. Nc4 Nb6 26. e5 Ra4 27. Be3 Nxc4 28. Qxc4 dxe5
29. Bxc5 exf4 30. d6 Rxe1+ 31. Rxe1 Nxd6 32. Qxf4 Bf8 33. Rd1 Ra6 34. Qe5 Qd8
35. Bd4 f6 36. Qe6+ Kg7 37. Bd5 Qe7 38. Qxe7+ Bxe7 39. g4 Ra5 40. Bb3 Nf7 41.
Rc1 Bd6 42. Rc6 Be5 43. Be3 Ra1+ 44. Kf2 Rb1 45. Be6 Rxb2+ 46. Kf3 Rh2 47. Rb6
Rxh3+ 48. Ke2 Rh2+ 49. Kd3 Nd6 50. Bc5 Rh3+ 51. Ke2 Rh2+ 52. Kf3 Rd2 53. Ra6 Ne8
54. Ra8 Bd6 55. Be3 Nc7 56. Rg8# 1-0

[Event "TCh-ESP Div 1 2016"]
[Site "Linares ESP"]
[Date "2016.08.23"]
[Round "4"]
[Board "1"]
[White "Garcia Castro, Pablo"]
[Black "Petkov, Vladimir"]
[Result "0-1"]
[WhiteTitle "IM"]
[BlackTitle "GM"]
[WhiteElo "2356"]
[BlackElo "2497"]
[WhiteTeam "UNIVERSIDAD DE VIGO"]
[BlackTeam "C.A. SILLA"]
[WhiteFideId "2209365"]
[BlackFideId "2901188"]
[EventDate "2016.08.20"]

1. b3 Nf6 2. Bb2 d5 3. Nf3 Bf5 4. e3 e6 5. d4 Nbd7 6. Bd3 Bg6 7. O-O a5 8. c4 c6
9. Nc3 Bb4 10. Rc1 O-O 11. Na4 Bd6 12. Ne5 Qe7 13. Nxg6 hxg6 14. c5 Bc7 15. f4
Ne4 16. Rc2 f5 17. g3 g5 18. Rg2 g4 19. Nc3 Nef6 20. Be2 Kf7 21. Bd3 Rh8 22. a3
b6 23. cxb6 Nxb6 24. Rc2 Bd6 25. Qa1 Qb7 26. Qa2 Rhb8 27. Rb1 g5 28. Bc1 gxf4
29. exf4 Qe7 30. Na4 Nxa4 31. bxa4 Rxb1 32. Qxb1 Rb8 33. Rb2 Rxb2 34. Qxb2 c5
35. dxc5 Bxc5+ 36. Kf1 Qa7 37. Qe2 Bd4 38. Qc2 Ne4 39. Bb5 Bc3 40. Qe2 Qc5 41.
Qc2 Qd4 42. Bd3 Kg6 43. Kg2 Nc5 44. Bb5 Qe4+ 45. Qxe4 fxe4 46. Kf1 Nb3 47. Be3
d4 48. Bg1 d3 49. Bb6 Kf5 50. Kf2 Bd4+ 51. Bxd4 Nxd4 52. Ke3 Nc2+ 53. Kd2 Nxa3
54. Ba6 0-1